000 00471nam a2200157 i 4500
001 32232
003 ES-MaACL
005 20230906154534.0
007 t|
008 030130s1955 sp ||||1| spa d
100 1 _aBenítez de Lugo y Reymundo, Luis.
_927633
245 1 0 _aTratado de Seguros /
_cLuis Benítez de Lugo Reymundo.
260 _aMadrid :
_bInstituto Editorial Reus,
_c1955 (
_fGalo Sèz)
300 _a5 v. ;
_c22 cm.
852 _aES-MaACL
_jC-9563-7
_bR.38056
999 _c32232
_d32232